Disney Pixar Filme erraten mit Bildern - Statistiken

Allgemein
  • Dieses Quiz wurde 5.183 mal gespielt
    335 seit der letzten Aktualisierung
  • Das Durchschnittsergebnis liegt bei 22 aus 31
Antwortstatistiken
Bildquiz Antwort % Korrekt
Toy Story
99%
Cars
98%
Cars 2
98%
Cars 3
98%
Toy Story 2
98%
Toy Story 3
98%
Toy Story 4
98%
Toy Story 5
98%
Findet Nemo
97%
Oben
92%
Die Monster AG
90%
Wall-E
84%
Alles steht Kopf
83%
Alles steht Kopf 2
83%
Die Unglaublichen
79%
Die Unglaublichen 2
79%
Merida - Legende der Highlands
74%
Findet Dorie
73%
Ratatouille
72%
Die Monster Uni
62%
Coco - Lebendiger als das Leben
59%
Das große Krabbeln
59%
Soul
48%
Luca
45%
Rot
41%
Elemental
40%
Arlo & Spot
30%
Lightyear
28%
Onward - Keine halben Sachen
22%
Hoppers
18%
Elio
17%
Keine übereinstimmenden Quizze gefunden
Verteilung der Resultate
Anzahl Personen mit jedem Resultat
Perzentil nach korrekt beantworteten Fragen
Ihre Resultats-Entwicklung
Sie haben dieses Quiz seit der letzten Aktualisierung nicht gespielt